00575nam a2200181Ia 4500008004100000020001600041040001900057041001200076082002800088100002300116245007200139250002200211260004400233300002900277504005000306650002700356850001000383131103s9999 xx 000 0 und d a812191146 X aLoreto College aEnglish a954.01/MAHbLCLIB/38816 aMahajan,Vidya Dhar aHistory of Indiab from beginning to 1526 A.D. cVidya Dhar Mahajan a7th rev & enl.ed. aNew DelhibS.Chand & Company Ltd.c1996 ax,458 p.b mapsc 21 cm. aIncludes index and bibliographical references aAncient Indian History aLCLIB